00849nam a22002417a 450000500170000001000130001702000220003003500130005203700160006504000120008108200160009310000240010924500450013326000370017827000470021530000310026250000270029365000290032065000910034994200250044099900190046595201230048420170124110033.0 aA-456608 c00.00a8185263647 aA-456608 bCen Lib/Ret adplbEN a883.08bKEM aKemkar, K.K.922119 aH.G.Wells as a novelist /cby K.K.Kemkar bPublication Schemec1990aJaipur a57, Mishrarajaji Ka RastabJaipure302 001 avarious pagings.c20cm(Hb) aIncludes bibliography  aWells, Herbert G.922120 aWells, H. G. -- (Herbert George), -- 1866-1946 -- Criticism and interpretation.922121 2ddccENh883.08mWEL c127996d127996 00104070aLbLd2015-07-01eCen Lib/Retg0.00l0o883.08 KEMpA-456608r2015-07-01 00:00:00t1v0.00w2015-07-01yEN